Algorithmic foundation of multi-scale spatial representation

Αποθηκεύτηκε σε:
Λεπτομέρειες βιβλιογραφικής εγγραφής
Κύριος συγγραφέας: Li, Zhilin 1960-
Μορφή: Βιβλίο
Γλώσσα:English
Δημοσίευση: Boca Raton : CRC Press, c2007
Θέματα:
Ετικέτες: Προσθήκη ετικέτας
Δεν υπάρχουν, Καταχωρήστε ετικέτα πρώτοι!

MARC

LEADER 00000nam a2200000 i 4500
001 1/93820
008 080915s2007 eng d
020 |a 0-8493-9072-9 
035 |l 10100132 
040 |a GR-MY-UA  |b gre  |e aacr 
041 0 |a eng 
082 0 |a 526.8015181  |2 (22) 
100 1 |a Li, Zhilin  |d 1960- 
245 1 0 |a Algorithmic foundation of multi-scale spatial representation /  |c Zhilin Li 
260 |a Boca Raton :   |b CRC Press,   |c c2007 
300 |a 280 σ.;  |b εικ. (μερ. έγχρ.), χάρτες (μερ. έγχρ.);  |c 25 εκ. 
504 |a Περιέχει βιβλιογραφικές παραπομπές και ευρετήριο 
650 0 0 |a Geographic information systems. 
650 0 0 |a Algorithms. 
852 |a INST  |b LESVOS  |e 20080915  |h 526.8015181 LI  |p 005100043077  |q 005100043077  |t BK  |y 0 
901 |a BIBL1-2008-3 
909 |a Λ  |b 151425 
922 |a 1ΕΛΗ  |b 200803  |c ΕΠΕΑΕΚ2/ΤΓ  |d ΠΑΠΑΣΩΤΗΡΙΟΥ 
970 |a ΚΑΡΑ  |b ΓΙΑΣΕΜΗ  |z 2008/09/15